000 00458nam a2200181Ia 4500
005 20250326141721.0
008 250326s9999 xx 000 0 und d
037 _aTextbook
040 _aFMSL
_beng
_cFMSL
041 _aeng
_2eng
084 _qFMSL
100 _aGupta S R
245 0 _aStock Verification in libraries
_cGupta S R
260 _aDelhi
_bDelhi, Ken Publications
_c1990
300 _a260p
942 _cTB
999 _c1291634
_d1291634